Stárnutí populace - hrozba pro veřejné zdravotnictví?

Príčiny demografického starnutia obyvateľstva. Nepravidelná štruktúra českého obyvateľstva a nepravidelné nároky na jednotlivé odvetvia ekonomiky. Zvýšené náklady na verejné zdravotníctvo ako dôsledok budúceho demografického vývoja. Hlavné zdroje financovania zdravotníctva v Českej republike. Predpo...

ver descrição completa

Na minha lista:
Detalhes bibliográficos
Autor principal: Fiala, Tomáš
Outros Autores: Langhamrová, Jitka
Formato: Capítulo de Livro
Idioma:tcheco
Assuntos:
Tags: Adicionar Tag
Sem tags, seja o primeiro a adicionar uma tag!

MARC

LEADER 00000naa$a2200000$$$4500
001 0056334
005 20220725111907.7
041 0 |a cze 
044 |a CZ 
245 1 0 |a Stárnutí populace - hrozba pro veřejné zdravotnictví?  |c Tomáš Fiala, Jitka Langhamrová 
520 |a Príčiny demografického starnutia obyvateľstva. Nepravidelná štruktúra českého obyvateľstva a nepravidelné nároky na jednotlivé odvetvia ekonomiky. Zvýšené náklady na verejné zdravotníctvo ako dôsledok budúceho demografického vývoja. Hlavné zdroje financovania zdravotníctva v Českej republike. Predpokladaný vplyv starnutia obyvateľstva ČR na financovanie zdravotníckej starostlivosti v nasledujúcich 50 rokoch. Návrh koncepcie zdravotníctva na roky 2005-2009 v zhode so závermi jednania Skupiny pre zdravie (OECD, 2004). 
610 2 0 |a demografia 
610 2 0 |a starnutie populácie 
610 2 0 |a zdravotníctvo verejné 
610 2 0 |a poisťovne 
610 2 0 |a financovanie 
610 2 0 |a rozpočet štátny 
610 2 0 |a náklady 
610 2 0 |a výdavky obyvateľstva 
610 2 0 |a Česko 
100 1 |a Fiala, Tomáš 
700 1 |a Langhamrová, Jitka